[Event "Visakhapatnam Vizag op"]
[Site "Visakhapatnam"]
[Date "2022.06.10"]
[Round "1"]
[White "Babu, Rao R"]
[Black "Hossain, Enamul"]
[Result "0-1"]
[WhiteElo "1689"]
[BlackElo "2413"]
[PlyCount "92"]
[EventDate "2022.06.10"]
[EventType "swiss"]
[EventRounds "10"]
[EventCountry "IND"]
[SourceTitle "CBM 208 Extra"]
[Source "ChessBase"]
[SourceDate "2022.07.31"]
[SourceVersion "1"]
[SourceVersionDate "2022.07.31"]
[SourceQuality "1"]

1. d4 Nf6 2. c4 g6 3. Nc3 Bg7 4. e4 d6 5. f3 0-0 6. Nge2 c5 7. d5 e6 8. Ng3 exd5 9. cxd5 a6 10. Be3 b5 11. Qd2 Re8 12. Be2 Nbd7 13. 0-0 h5 14. Bh6 Bh8 15. Rae1 Nh7 16. Be3 Qa5 17. a3 Nb6 18. Nd1 Qxd2 19. Bxd2 Bd4+ 20. Be3 Bxe3+ 21. Nxe3 f5 22. Nc2 h4 23. Nh1 fxe4 24. fxe4 Rxe4 25. Bd3 Rxe1 26. Rxe1 Kf7 27. Ne3 Nf6 28. g3 hxg3 29. Nxg3 Bh3 30. Ne4 Nxe4 31. Bxe4 Re8 32. Bg2 Bxg2 33. Kxg2 Re5 34. Rf1+ Kg7 35. Ng4 Rxd5 36. Nf6 Re5 37. Ng4 Re2+ 38. Kg1 Rxb2 39. Nf6 Re2 40. h4 Re6 41. Ng4 Nc4 42. Rf3 d5 43. Kf2 d4 44. Kg3 Ne5 45. Rf1 Nxg4 46. Kxg4 d3 0-1